Loading...

Women and subsistence sector : economic participation and house hold decision making in Nepal

Bibliographic Details
Main Author: Acharya, Meena
Other Authors: Bennett, Lynn
Format: Printed Book
Language:Undetermined
English
Published: USA The world bank 1983
Subjects:
LEADER 00755nam a2200217Ia 4500
008 140306s9999 xx 000 0 und d
020 |a 0821300245 
041 |a eng 
082 |a 305.42 095 496  |b ACH 
100 |a Acharya, Meena 
245 |a Women and subsistence sector : economic participation and house hold decision making in Nepal 
260 |a USA  |b The world bank  |c 1983 
300 |a 140 
440 |v World bank staff working papers No.526 
650 |a social role 
650 |a Social structure 
650 |a women status 
700 |a Bennett, Lynn 
942 |2 ddc  |c BK 
999 |c 68366  |d 68366 
952 |0 0  |1 0  |2 ddc  |4 0  |6 305_420000000000000_095_496_AC  |7 0  |9 74715  |a KAUACV  |b KAUACV  |d 2004-06-01  |o 305.42 095 496 ACH  |p KAU_ACV-20230  |r 2014-03-22  |w 2014-03-22  |y BK